Die Charakteristik : Untersuchungen zu einer altägyptischen Sprechsitte und ihren Ausprägungen in Folklore und Literatur /

محفوظ في:

المؤلف الرئيسي: Seibert, Peter, 1948- (مؤلف)

التنسيق: كتاب

اللغة: German

منشور في: Wiesbaden : O. Harassowitz, 1967-

سلاسل: Agyptologische Abhandlungen ; 17.
AA ; 17.

الموضوعات:

الوسوم: إضافة وسم

لا توجد وسوم, كن أول من يضع وسما على هذه التسجيلة!

رقم الطلب: DT57 .A31 v.17

LEADER 01153namaa2200289 4500
001 12725
003 OSt
005 20241107075809.0
008 130303m19679999gw 000 0 ger d
952 |0 0  |1 0  |2 lcc  |3 v.17  |4 0  |6 DT0057 A31 V.00017  |7 1  |9 16351  |a ARCE  |b ARCE  |d 2021-06-20  |l 0  |o DT57 .A31 v.17  |p 1014077  |r 2021-06-20 00:00:00  |w 2021-06-20  |y BK 
999 |c 12908  |d 12908 
040 |c ARCE Library 
050 4 |a DT57 .A31 v.17 
100 1 |a Seibert, Peter,  |d 1948-   |e author  |9 39636 
245 1 4 |a Die Charakteristik :  |b Untersuchungen zu einer altägyptischen Sprechsitte und ihren Ausprägungen in Folklore und Literatur /  |c von Peter Seibert. 
264 1 |a Wiesbaden :  |b O. Harassowitz,  |c 1967- 
300 |a 1 volume ;  |c 25 cm. 
490 1 |a Agyptologische Abhandlungen ;   |v 17. 
490 1 |a AA ;   |v 17. 
500 |a Issued also as a thesis, Heidelberg, 1964. 
505 1 |a Title 1. Philologische Bearbeitung der Bezeugungen.  
650 0 |a Characters and characteristics in literature.  |9 7055 
650 0 |a Egyptian literature  |x History and criticism. 
830 0 |a Agyptologische Abhandlungen ;   |v 17. 
830 0 |a AA ;   |v 17. 
901 |a reviewed 
942 |c BK  |2 lcc